000 00660nam a2200217 u 4500
005 20240912063828.0
008 080523s2006 ag r 000 0 spa d
020 _a9870403778 (10 dígitos)
020 _a9789870403777 (13 dígitos)
035 _aUPN01000156199
049 _aI
050 4 _aPZ78
_bM6.2
100 1 _aMontes, Graciela,
_d1947-
_927926
245 1 0 _aAnita quiere jugar /
_cGraciela Montes, Elena Torres.
260 _aBuenos Aires :
_bAlfaguara,
_c2006.
300 _a[14] p.
650 4 _aCuentos infantiles argentinos
_97466
700 1 _aTorres, Elena
_ecoaut.
_951330
905 _aInfantil
999 _c128313
_d128313